000 00917cas a22002657ar4500
005 20220329142101.0
008 990603c mx mr perss 0 uub0spa d
010 _a78131
011 _a79103
022 1 _a0185-6456
035 _a89255
245 0 4 _aBoletín Estadístico
_c/por Comisión Nacional Bancaria y de Valores
260 0 _aMéxico, D.F. :
_bComisión Nacional Bancaria y de Valores,
_c195?-1990.
300 _av.
310 _aTrimestral
362 1 _av.44 n.583, 1998
590 _aBATCH-UPD
_b10
_c20130110
_lUCH01
_h0338
590 _aBATCH-UPD
_b10
_c20130410
_lUCH01
_h0011
590 _aBATCH-UPD
_b10
_c20130914
_lUCH01
_h0533
590 _aCONVERSION
_b10
_c20130109
_lUCH01
_h1343
650 1 4 _aBancos y operaciones bancarias
_xMéxico
_xPublicaciones periódicas.
_99924
785 0 0 _tBoletin Estadístico de Banca Multiple v.37 n.553, 1991-
901 _aSE
905 _aMa. del Socorro Iturbe C.
999 _c78131
_d78131